000 00357nam a2200145Ia 4500
005 20251222153620.0
008 251222s9999||||xx |||||||||||||| ||spa||
020 _a848130305
082 _a800/L15
100 _a Laforet, Carmen
245 0 _aLas mejores novelas en castellano del siglo XX
250 _a1ra .ed
264 _bBibliotex,S.L
942 _cLIB
999 _c31940
_d31940